Sharjah Art Foundation Library

Café de Marrakech/ Muniam AlFaker = (Record no. 6617)

MARC details
000 -LEADER
fixed length control field 00505nam a2200157Ia 4500
001 - CONTROL NUMBER
control field 6617
008 - FIXED-LENGTH DATA ELEMENTS--GENERAL INFORMATION
fixed length control field 260622s9999 xx 000 0 und d
020 ## - INTERNATIONAL STANDARD BOOK NUMBER
International Standard Book Number 9789776284012
245 #0 - TITLE STATEMENT
Title Café de Marrakech/ Muniam AlFaker =
Remainder of title مقهى مراكش: رواية/ منعم الفقير
260 ## - PUBLICATION, DISTRIBUTION, ETC.
Place of publication, distribution, etc. القاهرة؛
Name of publisher, distributor, etc. شمس للنشر و التوزيع؛
Date of publication, distribution, etc. 2008
300 ## - PHYSICAL DESCRIPTION
Extent 310p;
Dimensions 24x16cm
546 ## - LANGUAGE NOTE
Language note Arabic
650 ## - SUBJECT ADDED ENTRY--TOPICAL TERM
Topical term or geographic name entry element PJ7501-8517 Arabic literature
655 ## - INDEX TERM--GENRE/FORM
Genre/form data or focus term Fiction رواية
9 (RLIN) 9458
942 ## - ADDED ENTRY ELEMENTS (KOHA)
Koha item type Book
Holdings
Withdrawn status Lost status Damaged status Not for loan Collection Home library Current library Date acquired Total Checkouts Full call number Barcode Date last seen Price effective from Koha item type
        Language and Literature SAF Reference Library SAF Reference Library 06/22/2026   PJ7501-8517 60.237 6617 06/22/2026 06/22/2026 Book

Copyright © 2022. Sharjah Art Foundation. All Rights Reserved.